[Event "Paul Keres mem (26th)"]
[Site "Vancouver CAN"]
[Date "2001.05.20"]
[Round "4.5"]
[White "Adam, Valerian"]
[Black "Stanford, Mike"]
[Result "1/2-1/2"]
[WhiteElo "2298"]
[BlackElo "2019"]
[PlyCount "85"]
[GameId "2160767911564732"]
[EventDate "2001.05.18"]
[EventType "swiss"]
[EventRounds "7"]
[EventCountry "CAN"]

1. e4 c5 2. c4 e6 3. Nc3 Nc6 4. Nf3 Nf6 5. Be2 d5 6. d3 h6 7. O-O Be7 8. Bf4 a6 9. Re1 d4 10. Nb1 g5 11. Bg3 Nd7 12. Bf1 h5 13. h3 g4 14. hxg4 hxg4 15. Nh2 f5 16. exf5 exf5 17. f3 Nf6 18. fxg4 fxg4 19. Nd2 Nh5 20. Bh4 g3 21. Nhf3 Bg4 22. Bxe7 Nxe7 23. Qe2 Qd6 24. Qe5 Qxe5 25. Rxe5 b6 26. Rae1 Rh7 27. Rg5 Rg7 28. Rxg7 Nxg7 29. Ne5 Be6 30. Ne4 Nef5 31. Be2 O-O-O 32. Bg4 Ne3 33. Bxe6+ Nxe6 34. Nxg3 Nf4 35. Ne4 Nfxg2 36. Re2 Rg8 37. Kh2 Rh8+ 38. Kg3 Rg8+ 39. Kh2 Rh8+ 40. Kg3 Rh3+ 41. Kxh3 Nf4+ 42. Kg3 Nxe2+ 43. Kf2 1/2-1/2

[Event "Paul Keres mem (26th)"]
[Site "Vancouver CAN"]
[Date "2001.05.20"]
[Round "4.6"]
[White "Valvo, Michael"]
[Black "Haukenfrers, Dale"]
[Result "1-0"]
[WhiteElo "2397"]
[BlackElo "2201"]
[PlyCount "69"]
[GameId "2160767911564733"]
[EventDate "2001.05.18"]
[EventType "swiss"]
[EventRounds "7"]
[EventCountry "CAN"]

1. e4 d6 2. d4 Nf6 3. Nc3 c6 4. f4 Qa5 5. Bd3 e5 6. Nf3 exd4 7. Nxd4 Qb6 8. Be2 Nbd7 9. Nf5 Qc7 10. Bf3 g6 11. Ne3 b5 12. e5 dxe5 13. Nxb5 Qa5+ 14. Nc3 Ba6 15. Bxc6 O-O-O 16. Qf3 e4 17. Bxe4 Nc5 18. Bc6 Ne6 19. Ba4 Bb7 20. Qe2 Bb4 21. O-O Bxc3 22. Qc4+ Nc5 23. bxc3 Ba6 24. Qxf7 Bxf1 25. Qxf6 Qxa4 26. Nd5 Rxd5 27. Qxh8+ Rd8 28. Qxh7 Qxc2 29. Qh3+ Kc7 30. f5 Bc4 31. Bf4+ Kc6 32. Re1 Rd3 33. Qh6 Ne4 34. Qxg6+ Rd6 35. Qe8+ 1-0

[Event "Paul Keres mem (26th)"]
[Site "Vancouver CAN"]
[Date "2001.05.20"]
[Round "4.7"]
[White "Oszvald, Joseph"]
[Black "Milicevic, Dragoljub"]
[Result "1-0"]
[WhiteElo "2109"]
[BlackElo "2353"]
[PlyCount "139"]
[GameId "2160767911564734"]
[EventDate "2001.05.18"]
[EventType "swiss"]
[EventRounds "7"]
[EventCountry "CAN"]

1. e4 d6 2. d4 Nf6 3. Nc3 g6 4. f3 Bg7 5. Be3 a6 6. Qd2 h5 7. h4 Nbd7 8. Nh3 b6 9. Bc4 e6 10. Ng5 Qe7 11. O-O-O Bb7 12. Ne2 b5 13. Bb3 Nb6 14. Nf4 d5 15. e5 Nfd7 16. Qd3 Nf8 17. Rdg1 Nc4 18. Bxc4 dxc4 19. Qc3 f6 20. exf6 Qxf6 21. Ne4 Qe7 22. g4 e5 23. Ne2 O-O-O 24. Bg5 Qe8 25. Bxd8 exd4 26. Nxd4 Qxd8 27. Rd1 Bxe4 28. fxe4 c5 29. Qa3 cxd4 30. Qxa6+ Kb8 31. Qxb5+ Kc8 32. Qa6+ Kb8 33. Qxc4 Qc7 34. Qd5 Nd7 35. Rd3 Rc8 36. Qb3+ Qb7 37. gxh5 gxh5 38. Qxb7+ Kxb7 39. Rf1 Nc5 40. Rf7+ Rc7 41. Rdf3 Bh6+ 42. Kd1 Nxe4 43. Rxc7+ Kxc7 44. Rf7+ Kd6 45. Rh7 Bf4 46. Rxh5 Ng3 47. Ra5 Ke6 48. a4 Nf5 49. Ke2 Nxh4 50. Kd3 Bc7 51. Ra7 Kd6 52. b4 Nf3 53. a5 Ne1+ 54. Kd2 Nf3+ 55. Ke2 Ne5 56. Rb7 Kd7 57. a6 Kc8 58. Rb5 Nc6 59. Kd3 Bd6 60. Kc4 Bxb4 61. Rxb4 Nxb4 62. Kxb4 Kb8 63. Kc5 Ka7 64. Kxd4 Kxa6 65. Kc5 Kb7 66. Kd6 Kc8 67. c4 Kb7 68. c5 Kc8 69. Kc6 Kb8 70. Kd7 1-0

[Event "Paul Keres mem (26th)"]
[Site "Vancouver CAN"]
[Date "2001.05.20"]
[Round "4.8"]
[White "Berrocoso, Tony"]
[Black "Ferguson, Jim"]
[Result "0-1"]
[WhiteElo "2053"]
[BlackElo "2221"]
[PlyCount "60"]
[GameId "2160767911564735"]
[EventDate "2001.05.18"]
[EventType "swiss"]
[EventRounds "7"]
[EventCountry "CAN"]

1. d4 Nf6 2. Nf3 g6 3. Nc3 d5 4. Bf4 Bg7 5. e3 O-O 6. Qd2 c5 7. Ne5 Nh5 8. Bg3 Nxg3 9. hxg3 Nc6 10. f4 Be6 11. Be2 cxd4 12. exd4 Rc8 13. Na4 b6 14. Ba6 Rc7 15. c3 Na5 16. b3 Qd6 17. Rc1 f6 18. Nf3 Bd7 19. Be2 Bxa4 20. bxa4 Nc4 21. Qc2 e5 22. Bxc4 Rxc4 23. Nd2 Rc7 24. O-O exd4 25. Qb3 f5 26. c4 Rfc8 27. Rce1 dxc4 28. Nxc4 Rxc4 29. Re8+ Rxe8 30. Qxc4+ Qe6 0-1

[Event "Paul Keres mem (26th)"]
[Site "Vancouver CAN"]
[Date "2001.05.20"]
[Round "4.9"]
[White "Shamilov, Eduard"]
[Black "Wu, Howard"]
[Result "1-0"]
[WhiteElo "2239"]
[BlackElo "2217"]
[PlyCount "81"]
[GameId "2160767911564736"]
[EventDate "2001.05.18"]
[EventType "swiss"]
[EventRounds "7"]
[EventCountry "CAN"]

1. e4 c5 2. Nf3 Nc6 3. Nc3 g6 4. d4 cxd4 5. Nxd4 Bg7 6. Be3 Nf6 7. Nxc6 bxc6 8. e5 Ng8 9. f4 f6 10. Bd4 Qc7 11. exf6 Nxf6 12. Qd2 O-O 13. Bc4+ Kh8 14. O-O d6 15. Rae1 Bf5 16. Be6 c5 17. Bxf6 Bxf6 18. Nd5 Qd8 19. g4 Bxe6 20. Rxe6 Qd7 21. Qe2 Bd4+ 22. Kh1 Qb7 23. c4 Rf7 24. b3 Raf8 25. Rxe7 Rxe7 26. Qxe7 Qxe7 27. Nxe7 Be5 28. Nd5 g5 29. f5 Kg7 30. Kg2 Rh8 31. h3 h5 32. Rh1 Re8 33. Nc7 Re7 34. Ne6+ Kf6 35. Kf3 h4 36. Ke4 Rb7 37. Kd5 Rb6 38. Re1 a5 39. Nxc5 Kf7 40. Nd7 Rb7 41. Kc6 1-0

[Event "Paul Keres mem (26th)"]
[Site "Vancouver CAN"]
[Date "2001.05.20"]
[Round "4.10"]
[White "Kostadinov, George"]
[Black "Poitras, Luc"]
[Result "0-1"]
[WhiteElo "2126"]
[BlackElo "2208"]
[PlyCount "95"]
[GameId "2160767911564737"]
[EventDate "2001.05.18"]
[EventType "swiss"]
[EventRounds "7"]
[EventCountry "CAN"]

1. d4 Nf6 2. Nc3 d5 3. Bg5 Bf5 4. f3 Nbd7 5. e3 c6 6. g4 Bg6 7. h4 h5 8. Bxf6 exf6 9. Bd3 Bxd3 10. Qxd3 Qc7 11. Nge2 Bd6 12. O-O-O O-O-O 13. Kb1 Kb8 14. Rdg1 g6 15. g5 fxg5 16. hxg5 Nb6 17. e4 dxe4 18. fxe4 Be5 19. Rf1 Rhe8 20. Rh3 Re7 21. Rhf3 Red7 22. Kc1 Bxd4 23. Nxd4 Rxd4 24. Rxf7 Rxd3 25. Rxc7 Kxc7 26. cxd3 Rxd3 27. Rf6 Rd6 28. e5 Rxf6 29. gxf6 Nd7 30. f7 Nf8 31. Ne4 Kd7 32. Ng5 h4 33. Kd2 h3 34. Nxh3 Ke6 35. Nf4+ Kxe5 36. Nd3+ Kf6 37. Nc5 b6 38. Ne4+ Kxf7 39. a4 Ke6 40. b4 Kd5 41. Kd3 Nd7 42. Nc3+ Ke5 43. a5 bxa5 44. bxa5 g5 45. Ne2 Nc5+ 46. Kc4 Ne6 47. Nc1 Ke4 48. Nd3 0-1

[Event "Paul Keres mem (26th)"]
[Site "Vancouver CAN"]
[Date "2001.05.20"]
[Round "4.11"]
[White "Gardner, Robert"]
[Black "McPherson, Tristram"]
[Result "1-0"]
[WhiteElo "2333"]
[BlackElo "2094"]
[PlyCount "61"]
[GameId "2160767911564738"]
[EventDate "2001.05.18"]
[EventType "swiss"]
[EventRounds "7"]
[EventCountry "CAN"]

1. e4 c5 2. Nf3 e6 3. d4 cxd4 4. Nxd4 Nc6 5. Nc3 Qc7 6. Be2 a6 7. O-O b5 8. a3 Nf6 9. Be3 Be7 10. f4 Bb7 11. Bf3 d6 12. Qd3 O-O 13. Rad1 b4 14. Nxc6 Bxc6 15. axb4 Rfd8 16. Qc4 Rdc8 17. Qb3 Qb7 18. f5 e5 19. Nd5 Bxd5 20. exd5 Rab8 21. Bd2 e4 22. Be2 Nxd5 23. Bc4 Nxb4 24. Bxf7+ Kh8 25. Bc3 Qb6+ 26. Kh1 Nc6 27. f6 Bxf6 28. Rxf6 Qxb3 29. cxb3 Ne5 30. Bxe5 dxe5 31. Rxa6 1-0

[Event "Paul Keres mem (26th)"]
[Site "Vancouver CAN"]
[Date "2001.05.20"]
[Round "4.12"]
[White "Brajkovic, Nikola"]
[Black "Herder, David"]
[Result "1/2-1/2"]
[WhiteElo "2075"]
[BlackElo "2300"]
[PlyCount "104"]
[GameId "2160767911564739"]
[EventDate "2001.05.18"]
[EventType "swiss"]
[EventRounds "7"]
[EventCountry "CAN"]

1. Nf3 c5 2. e4 d6 3. d4 cxd4 4. Nxd4 Nf6 5. Bb5+ Bd7 6. Qe2 a6 7. Bxd7+ Nbxd7 8. c4 g6 9. Nc3 Bg7 10. Be3 O-O 11. O-O Rc8 12. Rac1 Ne5 13. b3 Nfg4 14. Bg5 h6 15. Be3 Nxe3 16. Qxe3 Ng4 17. Qd2 h5 18. Rc2 Bh6 19. Qe2 Qb6 20. Rd1 e6 21. h3 Ne5 22. g3 Kh7 23. Kg2 Nc6 24. Nf3 Nb4 25. Rb2 Bg7 26. Na4 Qc7 27. Rbd2 Rfd8 28. a3 Nc6 29. Ng5+ Kg8 30. f4 Na5 31. Rd3 b5 32. cxb5 axb5 33. Nb2 Qc2 34. R1d2 Qc1 35. e5 d5 36. Qd1 Bf8 37. b4 Qxd1 38. Nxd1 Nc4 39. Ra2 Ra8 40. Rb3 Be7 41. Nf3 d4 42. Kf2 Ra7 43. Nd2 Rda8 44. Nb1 f6 45. exf6 Bxf6 46. Nb2 h4 47. Nd3 hxg3+ 48. Kxg3 Rh7 49. Nd2 Ne3 50. Nf3 Nf1+ 51. Kg2 Ne3+ 52. Kg3 Nf1+ 1/2-1/2

[Event "Paul Keres mem (26th)"]
[Site "Vancouver CAN"]
[Date "2001.05.20"]
[Round "4.13"]
[White "Illijin, Neboisa"]
[Black "Chapman, Erik"]
[Result "1/2-1/2"]
[WhiteElo "2169"]
[BlackElo "2021"]
[PlyCount "64"]
[GameId "2160767911564740"]
[EventDate "2001.05.18"]
[EventType "swiss"]
[EventRounds "7"]
[EventCountry "CAN"]

1. e4 c5 2. Nf3 Nc6 3. d4 cxd4 4. Nxd4 Nf6 5. Nc3 e5 6. Ndb5 d6 7. Bg5 a6 8. Na3 b5 9. Nd5 Be7 10. Bxf6 gxf6 11. c3 f5 12. Bd3 Be6 13. Nc2 Rc8 14. a4 fxe4 15. Bxe4 O-O 16. axb5 axb5 17. Nce3 f5 18. Bc2 Bg5 19. h4 Bxe3 20. Nxe3 b4 21. Nxf5 Bxf5 22. Bxf5 Qf6 23. g4 bxc3 24. bxc3 Ne7 25. Qb3+ Kh8 26. Qe6 Nxf5 27. Qxf6+ Rxf6 28. gxf5 Rxf5 29. Rh3 Rcf8 30. O-O-O R8f6 31. Rhd3 Rxf2 32. Rxd6 Kg7 1/2-1/2

[Event "Paul Keres mem (26th)"]
[Site "Vancouver CAN"]
[Date "2001.05.20"]
[Round "4.14"]
[White "Franett, Michael"]
[Black "Sladek, Vaclav"]
[Result "1/2-1/2"]
[WhiteElo "2133"]
[BlackElo "2000"]
[PlyCount "98"]
[GameId "2160767911564741"]
[EventDate "2001.05.18"]
[EventType "swiss"]
[EventRounds "7"]
[EventCountry "CAN"]

1. d4 d5 2. c4 c6 3. Nc3 Nf6 4. e3 a6 5. Bd3 Bg4 6. Nge2 Bxe2 7. Qxe2 Nbd7 8. O-O e6 9. e4 dxe4 10. Nxe4 Nxe4 11. Bxe4 Nf6 12. Rd1 Be7 13. Bf3 O-O 14. Bd2 Rc8 15. Bc3 Re8 16. b4 Qc7 17. g3 Nd7 18. Qb2 Bf6 19. Bg4 Nb6 20. Qb3 h5 21. Bxh5 e5 22. dxe5 Bxe5 23. Bxe5 Rxe5 24. Bf3 Rce8 25. c5 Nd7 26. Qd3 Nf6 27. Kg2 Qc8 28. Rd2 Qe6 29. Rad1 g5 30. h3 Kg7 31. Qc2 Rh8 32. g4 Nd5 33. Bxd5 cxd5 34. Qc3 f6 35. Qf3 Rd8 36. Rd3 Qc6 37. Re3 Rde8 38. Rxe5 Rxe5 39. Rd4 Qe6 40. Qc3 Re1 41. Qd2 Re2 42. Qd3 Re5 43. b5 axb5 44. Qxb5 Qe7 45. Rb4 Kh6 46. Qb6 d4 47. c6 bxc6 48. Rxd4 Rd5 49. Rxd5 Qe4+ 1/2-1/2

[Event "Paul Keres mem (26th)"]
[Site "Vancouver CAN"]
[Date "2001.05.20"]
[Round "4.15"]
[White "North, Robert"]
[Black "Gustafson, Dale"]
[Result "1-0"]
[WhiteElo "2117"]
[BlackElo "1904"]
[PlyCount "133"]
[GameId "2160767911564742"]
[EventDate "2001.05.18"]
[EventType "swiss"]
[EventRounds "7"]
[EventCountry "CAN"]

1. c4 e5 2. g3 Nc6 3. Bg2 g6 4. Nc3 Bg7 5. e4 d6 6. Nge2 Be6 7. Nd5 Qd7 8. O-O Nce7 9. d4 c6 10. Ne3 Bh3 11. dxe5 Bxe5 12. Bxh3 Qxh3 13. f4 Bg7 14. Qxd6 Nf6 15. Qd3 h5 16. e5 Ng4 17. Nxg4 Qxg4 18. Qf3 Qe6 19. b3 O-O-O 20. Be3 Kb8 21. Nd4 Qh3 22. Qg2 Qc8 23. Rad1 Nf5 24. Bf2 Rhe8 25. Qe4 Nh6 26. b4 Ng4 27. Kg2 Nxf2 28. Rxf2 Bf8 29. c5 h4 30. Rfd2 hxg3 31. hxg3 Be7 32. f5 Bg5 33. Rd3 Rd5 34. Qg4 Qd8 35. fxg6 fxg6 36. e6 Qf6 37. Qf3 Qe5 38. b5 cxb5 39. c6 Rxd4 40. Rxd4 Qxe6 41. c7+ Kc8 42. Qg4 Qxg4 43. Rxg4 Re5 44. Rd6 Kxc7 45. Rxg6 Be7 46. Kf3 a5 47. Re4 Rxe4 48. Kxe4 a4 49. Kd3 b4 50. Kc4 b5+ 51. Kxb5 b3 52. axb3 axb3 53. Re6 Kd7 54. Rb6 b2 55. Kc4 Bd6 56. g4 Be5 57. Kd5 Bc3 58. Rb7+ Ke8 59. Ke6 Kf8 60. Kf5 Bd4 61. Kg6 Be5 62. g5 Kg8 63. Kh6 Kh8 64. Rb5 Bg7+ 65. Kg6 Bd4 66. Kf7 Kh7 67. Rb3 1-0

[Event "Paul Keres mem (26th)"]
[Site "Vancouver CAN"]
[Date "2001.05.20"]
[Round "4.16"]
[White "Leblanc, Paul"]
[Black "Dekker, Case"]
[Result "1-0"]
[WhiteElo "2107"]
[BlackElo "1534"]
[PlyCount "61"]
[GameId "2160767911564743"]
[EventDate "2001.05.18"]
[EventType "swiss"]
[EventRounds "7"]
[EventCountry "CAN"]

1. d4 Nf6 2. Nf3 e6 3. c3 d5 4. Bg5 Be7 5. e3 O-O 6. Nbd2 Nbd7 7. Bd3 c6 8. O-O Re8 9. Qc2 h6 10. Bh4 b6 11. Ne5 Nxe5 12. dxe5 Nd7 13. Bg3 a5 14. Rad1 Ba6 15. Bxa6 Rxa6 16. f4 Bh4 17. Rf3 Qe7 18. Bxh4 Qxh4 19. Rh3 Qg4 20. Nc4 Nc5 21. Nd6 Rf8 22. Rd4 Qg6 23. f5 exf5 24. Nxf5 Ra7 25. Rg3 Qe6 26. Nxg7 Qxe5 27. Nf5+ Kh8 28. Rh4 f6 29. Nxh6 Rh7 30. Qxh7+ Kxh7 31. Nf5# 1-0

[Event "Paul Keres mem (26th)"]
[Site "Vancouver CAN"]
[Date "2001.05.20"]
[Round "4.17"]
[White "Moura, Eduardo"]
[Black "Keshet, Joshua"]
[Result "1/2-1/2"]
[WhiteElo "1851"]
[BlackElo "1866"]
[PlyCount "52"]
[GameId "2160767911564744"]
[EventDate "2001.05.18"]
[EventType "swiss"]
[EventRounds "7"]
[EventCountry "CAN"]

1. d4 Nf6 2. Nf3 b6 3. g3 Bb7 4. Bg2 e6 5. O-O Be7 6. c4 d5 7. Ne5 O-O 8. Nc3 c6 9. b3 Nbd7 10. cxd5 exd5 11. Nxd7 Qxd7 12. Bb2 h5 13. e4 dxe4 14. Nxe4 Nxe4 15. Bxe4 f5 16. Bg2 g6 17. Qd3 Bf6 18. Rac1 Rac8 19. Rc2 Rfd8 20. Re1 Qg7 21. Re6 Bxd4 22. Bxd4 Rxd4 23. Qe2 Rd7 24. Bxc6 Rxc6 25. Rcxc6 Bxc6 26. Rxc6 Re7 1/2-1/2

[Event "Paul Keres mem (26th)"]
[Site "Vancouver CAN"]
[Date "2001.05.20"]
[Round "4.18"]
[White "Pitre, Hanniegn"]
[Black "Kaptsan, Aron"]
[Result "1/2-1/2"]
[WhiteElo "2007"]
[BlackElo "2147"]
[PlyCount "121"]
[GameId "2160767911564745"]
[EventDate "2001.05.18"]
[EventType "swiss"]
[EventRounds "7"]
[EventCountry "CAN"]

1. e4 e5 2. f4 d5 3. exd5 e4 4. d3 Qxd5 5. Nc3 Bb4 6. Bd2 Bxc3 7. Bxc3 Ne7 8. Bxg7 Rg8 9. c4 Qe6 10. Be5 exd3 11. Bxd3 Nbc6 12. Qe2 f6 13. Bc3 Rxg2 14. Qxe6 Bxe6 15. O-O-O Kf7 16. Nf3 h6 17. Nh4 Rg4 18. f5 Bxc4 19. Ng6 Bxa2 20. h3 Rg3 21. Nxe7 Nxe7 22. Be4 Re3 23. Bxb7 Rb8 24. Bg2 Rg3 25. Be4 Re3 26. Bc2 Bd5 27. Rhe1 Rxe1 28. Bxe1 c6 29. Bg3 Rg8 30. Bf4 h5 31. Re1 Rg2 32. Be3 Rg3 33. Bxa7 Rf3 34. Bc5 Nxf5 35. h4 Rf4 36. Kd2 Be6 37. Bxf5 Rxf5 38. b4 Rf4 39. Rh1 Rf3 40. Rh2 Bd5 41. Ke2 Ke6 42. Rf2 Rh3 43. Bd4 f5 44. Rf4 Be4 45. Bb6 Kd5 46. Bd8 Kc4 47. Be7 Kc3 48. Bc5 Kc2 49. Be7 Bd3+ 50. Kf2 Rh1 51. Kg2 Re1 52. Bc5 Be4+ 53. Kf2 Kd2 54. Kg3 Rh1 55. Bf2 Rb1 56. Bc5 Rb3+ 57. Kh2 Ke1 58. Bd4 Ke2 59. Rf2+ Kd3 60. Bc5 Kc4 61. Rd2 1/2-1/2

[Event "Paul Keres mem (26th)"]
[Site "Vancouver CAN"]
[Date "2001.05.20"]
[Round "4.19"]
[White "Veszely, Frank"]
[Black "Zemitis, Valdemars"]
[Result "1/2-1/2"]
[WhiteElo "1946"]
[BlackElo "1841"]
[PlyCount "52"]
[GameId "2160767911564746"]
[EventDate "2001.05.18"]
[EventType "swiss"]
[EventRounds "7"]
[EventCountry "CAN"]

1. g3 Nf6 2. Bg2 g6 3. e4 e5 4. c3 c5 5. Ne2 Bg7 6. d4 d6 7. dxc5 dxc5 8. Qxd8+ Kxd8 9. Be3 Nfd7 10. Nd2 Kc7 11. Nb3 Na6 12. Rd1 b6 13. O-O Bb7 14. c4 Nb4 15. Nbc1 Nc2 16. Rd3 Nd4 17. Nc3 Nf6 18. Bg5 h6 19. Nd5+ Bxd5 20. Bxf6 Bxf6 21. exd5 Raf8 22. f4 exf4 23. Rxf4 Bg5 24. Re4 Kd6 25. Nb3 f5 26. Re1 Re8 1/2-1/2

[Event "Paul Keres mem (26th)"]
[Site "Vancouver CAN"]
[Date "2001.05.20"]
[Round "4.20"]
[White "Long, Hugh"]
[Black "Kerry, James"]
[Result "1-0"]
[WhiteElo "1878"]
[BlackElo "2034"]
[PlyCount "67"]
[GameId "2160767911564747"]
[EventDate "2001.05.18"]
[EventType "swiss"]
[EventRounds "7"]
[EventCountry "CAN"]

1. e4 c5 2. Nf3 d6 3. c3 Nf6 4. Bd3 Nc6 5. Bc2 e5 6. d4 cxd4 7. cxd4 Be7 8. d5 Nb8 9. h3 O-O 10. O-O Na6 11. a3 Bd7 12. Nc3 Rc8 13. Bg5 Ne8 14. Bxe7 Qxe7 15. Re1 f5 16. exf5 Bxf5 17. Bxf5 Rxf5 18. Nd4 Rf6 19. Rc1 Qd7 20. Ne6 Nc5 21. Ne4 Nxe4 22. Rxe4 b5 23. Rxc8 Qxc8 24. Re3 Rf7 25. Rc3 Qb8 26. Qc2 Qb6 27. Ng5 g6 28. Nxf7 Kxf7 29. Qd2 Kg7 30. Qg5 Qb7 31. Qd8 Qf7 32. Rc8 Qxd5 33. Qxe8 Qd1+ 34. Kh2 1-0

[Event "Paul Keres mem (26th)"]
[Site "Vancouver CAN"]
[Date "2001.05.20"]
[Round "4.21"]
[White "Fairbairn, Stephen"]
[Black "Krzyzowski, Ernest"]
[Result "1-0"]
[WhiteElo "2015"]
[BlackElo "1859"]
[PlyCount "103"]
[GameId "2160767911564748"]
[EventDate "2001.05.18"]
[EventType "swiss"]
[EventRounds "7"]
[EventCountry "CAN"]

1. e4 Nf6 2. e5 Nd5 3. d4 d6 4. c4 Nb6 5. exd6 cxd6 6. Nc3 g6 7. Be3 Bg7 8. b3 O-O 9. Rc1 Nc6 10. d5 Ne5 11. Be2 e6 12. dxe6 Bxe6 13. Nf3 Qe7 14. O-O Rfd8 15. Nb5 d5 16. c5 Nbd7 17. Bd4 a6 18. Nd6 Nxf3+ 19. Bxf3 Bxd4 20. Qxd4 Nxc5 21. Nxf7 Qxf7 22. Rxc5 Rac8 23. Rxc8 Rxc8 24. Re1 Rd8 25. Rc1 Rd6 26. Kf1 Bd7 27. a4 Bc6 28. Rc5 Qd7 29. a5 h5 30. h3 Qe6 31. Rc1 Bb5+ 32. Kg1 Bc6 33. Rd1 Qd7 34. Re1 Qd8 35. b4 Qd7 36. Re3 Re6 37. h4 Rxe3 38. fxe3 Qf5 39. Kf2 Qc2+ 40. Kg3 Qf5 41. Qf4 Qe6 42. Kf2 Qe7 43. Qg5 Qxg5 44. hxg5 Kf7 45. Kg3 Ke6 46. Kf4 Kd6 47. g3 Ke6 48. Bd1 Be8 49. Bc2 Kd6 50. e4 d4 51. e5+ Kd5 52. Bb3+ 1-0

[Event "Paul Keres mem (26th)"]
[Site "Vancouver CAN"]
[Date "2001.05.20"]
[Round "4.23"]
[White "Bouvier, Jesse"]
[Black "Ivankovic, Goran"]
[Result "1/2-1/2"]
[WhiteElo "2020"]
[BlackElo "2007"]
[PlyCount "50"]
[GameId "2160767911564749"]
[EventDate "2001.05.18"]
[EventType "swiss"]
[EventRounds "7"]
[EventCountry "CAN"]

1. e4 e6 2. d4 d5 3. e5 c5 4. c3 Nc6 5. Nf3 Qb6 6. a3 Nge7 7. dxc5 Qxc5 8. b4 Qb6 9. c4 dxc4 10. Bxc4 Ng6 11. Bb2 Bxb4+ 12. Nc3 Bxc3+ 13. Bxc3 Ngxe5 14. Be2 Nxf3+ 15. Bxf3 O-O 16. O-O Rd8 17. Qa4 Bd7 18. Qh4 Qc5 19. Rfc1 Qe7 20. Qxe7 Nxe7 21. Bxb7 Rab8 22. Ba5 Re8 23. Rc7 Bb5 24. a4 Bd3 25. Rd1 Nd5 1/2-1/2

[Event "Paul Keres mem (26th)"]
[Site "Vancouver CAN"]
[Date "2001.05.20"]
[Round "4.24"]
[White "Pivovarov, Juraj"]
[Black "Jose, Marionito"]
[Result "1-0"]
[WhiteElo "1807"]
[BlackElo "1850"]
[PlyCount "79"]
[GameId "2160767911564750"]
[EventDate "2001.05.18"]
[EventType "swiss"]
[EventRounds "7"]
[EventCountry "CAN"]

1. c4 c5 2. g3 g6 3. Bg2 Bg7 4. Nc3 Nc6 5. a3 Nf6 6. Nf3 O-O 7. Rb1 e6 8. b4 cxb4 9. axb4 d5 10. c5 d4 11. Nb5 e5 12. Nd6 Ne8 13. Nxc8 Rxc8 14. b5 Ne7 15. Ba3 Kh8 16. Qb3 h6 17. h4 e4 18. Ng5 hxg5 19. hxg5+ Kg8 20. Bxe4 Be5 21. f4 Bb8 22. g4 Ng7 23. Qh3 f6 24. Qh7+ Kf7 25. gxf6 Kxf6 26. Qh4+ Kf7 27. f5 Rh8 28. fxg6+ Nxg6 29. Rf1+ Nf4 30. Qxd8 Rcxd8 31. e3 dxe3 32. dxe3 Nge6 33. exf4 Nxf4 34. Bc1 Rd4 35. Bxb7 Re8+ 36. Kf2 Kg6 37. Bxf4 Rxf4+ 38. Bf3 Kg5 39. Rbd1 Re5 40. Rh1 1-0

[Event "Paul Keres mem (26th)"]
[Site "Vancouver CAN"]
[Date "2001.05.20"]
[Round "5"]
[White "Gustafson, Dale"]
[Black "Moura, Eduardo"]
[Result "0-1"]
[WhiteElo "2043"]
[BlackElo "2235"]
[PlyCount "86"]
[GameId "2160767911564751"]
[EventDate "2001.05.18"]
[EventType "swiss"]
[EventRounds "7"]
[EventCountry "CAN"]
[SourceTitle "CBM 082 Extra"]
[Source "ChessBase"]
[SourceDate "2001.07.03"]
[SourceVersion "1"]
[SourceVersionDate "2001.07.03"]
[SourceQuality "1"]

1. e4 c5 2. Nf3 Nc6 3. Bd3 g6 4. c3 d5 5. O-O Bg7 6. Re1 d4 7. Na3 e5 8. Bc4 Nf6 9. d3 h6 10. Nb1 O-O 11. Nbd2 Re8 12. cxd4 Nxd4 13. Nxd4 Qxd4 14. Nf3 Qd6 15. Be3 b6 16. Qb3 Re7 17. h3 Bb7 18. Rad1 Nd7 19. a4 a5 20. Nd2 Nf8 21. Bb5 Ne6 22. Nc4 Qc7 23. Nd2 Rd8 24. Nf3 Kh7 25. Bc4 Bf6 26. Qc3 Bg7 27. Qc1 Bc6 28. b3 Qd7 29. Nh2 Qe8 30. Ng4 Qf8 31. Rf1 f5 32. exf5 gxf5 33. Bxe6 Rxe6 34. Nh2 f4 35. Bd2 f3 36. Qc4 Bd5 37. Qc2 fxg2 38. Rfe1 Qf5 39. Re3 Rf6 40. Be1 h5 41. Qb2 Bh6 42. Re2 Bf3 43. Nxf3 Qxf3 0-1

[Event "Paul Keres mem (26th)"]
[Site "Vancouver CAN"]
[Date "2001.05.20"]
[Round "5"]
[White "Harmon, Clark"]
[Black "Orlov, Georgi"]
[Result "1/2-1/2"]
[WhiteElo "2181"]
[BlackElo "2512"]
[PlyCount "51"]
[GameId "2160767911564752"]
[EventDate "2001.05.18"]
[EventType "swiss"]
[EventRounds "7"]
[EventCountry "CAN"]
[SourceTitle "CBM 082 Extra"]
[Source "ChessBase"]
[SourceDate "2001.07.03"]
[SourceVersion "1"]
[SourceVersionDate "2001.07.03"]
[SourceQuality "1"]

1. d4 Nf6 2. Nf3 g6 3. c4 Bg7 4. Nc3 O-O 5. h3 d5 6. cxd5 Nxd5 7. e4 Nxc3 8. bxc3 c5 9. Be3 Qa5 10. Qd2 Nc6 11. Rc1 cxd4 12. cxd4 Qxd2+ 13. Kxd2 Rd8 14. Kc3 Be6 15. Bc4 Bxc4 16. Kxc4 a6 17. Kc5 Nxd4 18. Kb6 Rab8 19. Rhd1 Rd6+ 20. Kc7 Rbd8 21. Kxb7 R8d7+ 22. Kc8 Rd8+ 23. Kb7 a5 24. e5 R8d7+ 25. Kc8 Rd8+ 26. Kb7 1/2-1/2

[Event "Paul Keres mem (26th)"]
[Site "Vancouver CAN"]
[Date "2001.05.20"]
[Round "5"]
[White "Yoos, John"]
[Black "Jiganchine, Roman"]
[Result "1/2-1/2"]
[WhiteElo "2346"]
[BlackElo "2105"]
[PlyCount "49"]
[GameId "2160767911564754"]
[EventDate "2001.05.18"]
[EventType "swiss"]
[EventRounds "7"]
[EventCountry "CAN"]
[SourceTitle "CBM 082 Extra"]
[Source "ChessBase"]
[SourceDate "2001.07.03"]
[SourceVersion "1"]
[SourceVersionDate "2001.07.03"]
[SourceQuality "1"]

1. e4 e5 2. f4 exf4 3. Nf3 d5 4. exd5 Nf6 5. Bc4 Nxd5 6. Bxd5 Qxd5 7. Nc3 Qe6+ 8. Kf2 Qb6+ 9. d4 Be6 10. Qe2 Bd6 11. Nd5 Qa5 12. Nxf4 Bxf4 13. Bxf4 O-O 14. c4 Nd7 15. Rhe1 Nf6 16. Ne5 Rfe8 17. Kg1 Nd7 18. Qd3 f6 19. Nf3 Bf7 20. a3 c6 21. b4 Qh5 22. Red1 Nb6 23. Rac1 Qg6 24. Qxg6 hxg6 25. c5 1/2-1/2

[Event "Paul Keres mem (26th)"]
[Site "Vancouver CAN"]
[Date "2001.05.20"]
[Round "5.3"]
[White "Boehmer, Kris"]
[Black "Valvo, Michael"]
[Result "1-0"]
[WhiteElo "2125"]
[BlackElo "2397"]
[PlyCount "61"]
[GameId "2160767911564755"]
[EventDate "2001.05.18"]
[EventType "swiss"]
[EventRounds "7"]
[EventCountry "CAN"]

1. d4 Nf6 2. Nf3 g6 3. g3 Bg7 4. Bg2 O-O 5. c4 d6 6. O-O Nc6 7. Nc3 a6 8. d5 Na5 9. Nd2 c5 10. Qc2 Rb8 11. b3 b5 12. Bb2 e5 13. e3 Bf5 14. e4 Bd7 15. Rae1 Nh5 16. Nd1 Bh6 17. Ne3 f5 18. exf5 gxf5 19. f4 exf4 20. gxf4 Nxf4 21. Rf3 bxc4 22. Rg3+ Ng6 23. Qc3 Kf7 24. Ndxc4 Nxc4 25. Nxc4 Bc8 26. Rh3 Nf4 27. Qg3 Rg8 28. Qh4 Qxh4 29. Rxh4 Rg6 30. Bc1 Bg7 31. Bxf4 1-0

[Event "Paul Keres mem (26th)"]
[Site "Vancouver CAN"]
[Date "2001.05.20"]
[Round "5.4"]
[White "Ferguson, Jim"]
[Black "Oszvald, Joseph"]
[Result "1-0"]
[WhiteElo "2221"]
[BlackElo "2109"]
[PlyCount "57"]
[GameId "2160767911564756"]
[EventDate "2001.05.18"]
[EventType "swiss"]
[EventRounds "7"]
[EventCountry "CAN"]

1. e4 c5 2. Nf3 d6 3. d4 cxd4 4. Nxd4 Nf6 5. Nc3 g6 6. f4 Bd7 7. Be2 Nc6 8. Be3 Bg7 9. Nb3 O-O 10. g4 Be6 11. f5 Bxb3 12. axb3 a6 13. Qd2 b5 14. g5 b4 15. Na4 Nd7 16. O-O-O Qc7 17. h4 Na5 18. Kb1 Rfc8 19. h5 Qc6 20. hxg6 hxg6 21. fxg6 Qxe4 22. Bd3 Qe6 23. gxf7+ Kxf7 24. Rh7 Rh8 25. Qf2+ Ke8 26. Bf5 Qe5 27. Bd4 Qd5 28. Bxd7+ Kd8 29. Bc6 1-0